[Event "Belem Para op"]
[Site "Belem"]
[Date "2010.11.14"]
[Round "4"]
[White "Mendes, Antonio Daniel Nobr"]
[Black "Junior, Otavio"]
[Result "1-0"]
[WhiteElo "2042"]
[BlackElo "2043"]
[PlyCount "79"]
[EventDate "2010.11.12"]
[EventType "swiss"]
[EventRounds "7"]
[EventCountry "BRA"]
[SourceTitle "EXT 2022"]
[Source "ChessBase"]
[SourceDate "2021.10.06"]
[SourceVersion "1"]
[SourceVersionDate "2021.10.06"]
[SourceQuality "1"]

1. d4 Nf6 2. c4 g6 3. Nc3 Bg7 4. e4 d6 5. f4 0-0 6. Nf3 c5 7. d5 b5 8. cxb5 a6 9. b6 Qxb6 10. Nd2 Nfd7 11. Nc4 Qc7 12. Be2 Nb6 13. Ne3 Bb7 14. 0-0 N8d7 15. a4 Nf6 16. a5 Nbd7 17. Nc4 Rad8 18. Bf3 Ne8 19. Ra3 Rb8 20. Na4 Qd8 21. Kh1 Nc7 22. Bd2 Nb5 23. Rd3 Qc7 24. Re1 Bc8 25. Nab6 e5 26. dxe6 fxe6 27. Nxc8 Rbxc8 28. Nxd6 c4 29. Nxc8 Rxc8 30. Rde3 Bxb2 31. Bg4 Kf7 32. f5 e5 33. fxg6+ hxg6 34. Bb4 Nd4 35. Rf1+ Kg7 36. Ref3 Nc5 37. Rf7+ Qxf7 38. Rxf7+ Kxf7 39. Bxc8 Nd3 40. Qf1+ 1-0